000
00247nam a2200109Ia 4500
008
220204s9999 xx 000 0 und d
082
_a
033
_b
PEN
100
_a
PEN, J
245
0
_a
Modern economics
260
_a
England
_b
Penguin
_c
1965
942
_c
BK
999
_c
29536
_d
29536